Name the Welsh Cities - Statistics

General Stats
  • This quiz has been taken 269 times
  • The average score is 4 of 6
Answer Stats
Answer % Correct
2 Cardiff
100%
6 Swansea
98%
3 Newport
78%
1 Bangor
60%
4 Saint Davids
36%
5 Saint Asaph
25%
No matching quizzes found
Score Distribution
Percent of People with Each Score
Percentile by Number Answered
Your Score History
You have not taken this quiz